Vivir la historia: homenaje a Miguel León-Portilla

Salvato in:
Dettagli Bibliografici
Autore principale: Reyes Equiguas, Salvador (Autore)
Natura: Libro
Lingua:spagnolo
Pubblicazione: Ciudad de México Universidad Nacional Autónoma de México 2008
Edizione:1a. ed
Soggetti:
Tags: Aggiungi Tag
Nessun Tag, puoi essere il primo ad aggiungerne!!

MARC

LEADER 00000nam a2200000 a 4500
001 UCG2764
003 CL-VaPUC
005 20210405172926.0
008 100723e20080000MX |||||||||||||||||spa|d
999 |c 341890  |d 341888 
020 |a 9789703255047 
040 |c Pontificia Universidad Católica de Valparaíso 
082 0 4 |a 928  |b REY  |2 21 
100 0 |a Reyes Equiguas, Salvador  |e author  |9 551370 
245 1 0 |a Vivir la historia: homenaje a Miguel León-Portilla 
250 |a 1a. ed 
260 |a Ciudad de México  |b Universidad Nacional Autónoma de México  |c 2008 
300 |a 164 p 
583 |a last modification  |c 20100723 00:00:00  |k Rodrigo Vera 
600 |a León-Portilla, Miguel  |d 1926-2019  |9 860450 
650 0 |a Biografías  |9 255210 
650 0 |a Crítica e interpretación   |9 255042 
942 |c BK  |2 ddc 
945 |d 20100723 00:00:00  |a mfarfan 
952 |0 0  |1 0  |4 0  |6 928_000000000000000_REY_2008  |7 0  |8 A  |9 437700  |a BIBHIS  |b BIBHIS  |d 2019-11-22  |i 4697847  |o 928 REY 2008  |p 4697847  |r 2025-01-20  |w 2019-11-22  |y BK  |k HIS